| 000 | 00729nam a2200205Ii 4500 | ||
|---|---|---|---|
| 003 | JO-AjNU | ||
| 008 | 230605s9999||||xx |||||||||||||| ||und|| | ||
| 040 |
_aJO-AjNU _bara _erda _cJO-AjNU |
||
| 041 | _aara | ||
| 050 | 1 | 4 | _aK889.Y3446 |
| 100 | 3 |
_a يكن ، زهدي , _eauthor _946586 |
|
| 245 | 0 | 0 | _aشرح قانون الموجبات والعقود / الجزء التاسع (2) ايجار الاشياء - عقد الايجار |
| 250 | _a(د،ط) | ||
| 264 | 3 | 1 | _aبيروت : دار الثقافة، 1900 |
| 300 | _aج9، 300ص | ||
| 336 |
_atext _btxt _2rdacontent |
||
| 337 |
_aunmediated _bn _2rdamedia |
||
| 338 |
_avolume _bnc _2rdacarrier |
||
| 650 | 4 |
_aعقود -- قوانين وانظمة - لبنان _946587 |
|
| 999 |
_aA20278 _c23846 _d23846 |
||